Vilma's vineyard workers / (Record no. 355895)
[ view plain ]
| 000 -LEADER | |
|---|---|
| fixed length control field | 00528nam a2200169Ia 4500 |
| 008 - FIXED-LENGTH DATA ELEMENTS--GENERAL INFORMATION | |
| fixed length control field | 180207s9999 xx 000 0 und d |
| 020 ## - INTERNATIONAL STANDARD BOOK NUMBER | |
| International Standard Book Number | 9789715162425 |
| 050 ## - LIBRARY OF CONGRESS CALL NUMBER | |
| Item number | B186 2006 |
| 100 ## - MAIN ENTRY--PERSONAL NAME | |
| Personal name | Balingit, Purificacion C. |
| 245 ## - TITLE STATEMENT | |
| Title | Vilma's vineyard workers / |
| 245 ## - TITLE STATEMENT | |
| Statement of responsibility, etc | Purificacion C. Balingit ; illustrated by Larry A. Diolola ; collors by Lloyd Guiller D. Ybera. |
| 260 ## - PUBLICATION, DISTRIBUTION, ETC. (IMPRINT) | |
| Place of publication, distribution, etc | Philippines : |
| 260 ## - PUBLICATION, DISTRIBUTION, ETC. (IMPRINT) | |
| Name of publisher, distributor, etc | Merryland Publishing Corporation. |
| 260 ## - PUBLICATION, DISTRIBUTION, ETC. (IMPRINT) | |
| Date of publication, distribution, etc | 2006 |
| 300 ## - PHYSICAL DESCRIPTION | |
| Extent | unpaged : |
| 300 ## - PHYSICAL DESCRIPTION | |
| Other physical details | color illustrations ; |
| Withdrawn status | Lost status | Damaged status | Home library | Current library | Date acquired | Total Checkouts | Full call number | Barcode | Date last seen | Price effective from | Koha item type |
|---|---|---|---|---|---|---|---|---|---|---|---|
| Stonyhurst Southville International School (Malarayat) | Stonyhurst Southville International School (Malarayat) | 02/07/2018 | BB B186 2006 | SSISM5440 | 02/07/2018 | 02/07/2018 | Books |